[Event "Guernsey Holiday"]
[Site "Guernsey GCI"]
[Date "2006.10.19"]
[Round "5"]
[White "Newrick, William R"]
[Black "Ruhle, Ernst A"]
[Result "1/2-1/2"]
[WhiteElo "1400"]
[BlackElo "1608"]
[PlyCount "49"]
[EventDate "2006.10.15"]
[SourceDate "2006.11.12"]

1. d4 Nf6 2. c4 e5 3. d5 Bb4+ 4. Bd2 Bxd2+ 5. Nxd2 O-O 6. e4 d6 7. Be2 Nbd7 8.
Ngf3 Nc5 9. Qc2 Bg4 10. h3 Bxf3 11. Bxf3 a6 12. b4 Ncd7 13. O-O c5 14. bxc5
Nxc5 15. Nb3 Nxb3 16. axb3 Qc7 17. Rfc1 b5 18. c5 Rfc8 19. c6 Qb6 20. b4 Ne8
21. Bg4 Rc7 22. Qd2 Nf6 23. Bf3 Rca7 24. Ra5 h6 25. Qc3 1/2-1/2

[Event "Guernsey Holiday"]
[Site "Guernsey GCI"]
[Date "2006.10.19"]
[Round "5"]
[White "Ince, Darren"]
[Black "Collins, Alan"]
[Result "1/2-1/2"]
[WhiteElo "1528"]
[BlackElo "1496"]
[PlyCount "60"]
[EventDate "2006.10.15"]
[SourceDate "2006.11.12"]

1. d4 f5 2. Nf3 Nf6 3. Bg5 e6 4. e3 Be7 5. Nbd2 O-O 6. Bd3 d5 7. Ne5 Ne4 8.
Bxe7 Qxe7 9. c3 Nd7 10. Ndf3 Rf6 11. Nxd7 Bxd7 12. Ne5 Rh6 13. Nxd7 Qxd7 14.
Bxe4 fxe4 15. O-O Rf8 16. Qe2 Qd6 17. h3 Rff6 18. f3 Qg3 19. fxe4 dxe4 20. Rxf6
gxf6 21. Qg4+ Qxg4 22. hxg4 f5 23. gxf5 exf5 24. Rf1 Rh5 25. g3 Kg7 26. Kg2 Kg6
27. Rf4 Rg5 28. Kh3 Rh5+ 29. Kg2 Rg5 30. Kh3 Rh5+ 1/2-1/2

[Event "Guernsey Holiday"]
[Site "Guernsey GCI"]
[Date "2006.10.19"]
[Round "5"]
[White "Kearsley, Ray J"]
[Black "Cox, Reginald E"]
[Result "1-0"]
[WhiteElo "1640"]
[BlackElo "1088"]
[PlyCount "105"]
[EventDate "2006.10.15"]
[SourceDate "2006.11.12"]

1. e4 d6 2. d4 Nf6 3. Nc3 Nbd7 4. Nf3 e5 5. Bc4 h6 6. h3 Be7 7. Be3 exd4 8.
Bxd4 c5 9. Be3 a6 10. a4 Qa5 11. O-O Qb6 12. Qd2 O-O 13. a5 Qd8 14. Bf4 Nb8 15.
Rfd1 Ne8 16. Nd5 Nd7 17. Ra3 b5 18. Nxe7+ Qxe7 19. Bd5 Rb8 20. Bc6 b4 21. Re3
Bb7 22. Bxd7 Qxd7 23. e5 Bxf3 24. Rxf3 Rd8 25. exd6 Nf6 26. Qd3 Ra8 27. Bxh6
Qb5 28. Qf5 Qe2 29. Rdd3 Qe4 30. Bg5 Qxf5 31. Rxf5 Nd7 32. Be7 Rfe8 33. h4 g6
34. Rg5 Kh7 35. h5 Rg8 36. hxg6+ Rxg6 37. Rf5 f6 38. Rh3+ Kg7 39. Rfh5 Kf7 40.
Rh8 Rag8 41. Rxg8 Kxg8 42. f4 f5 43. Re3 Kf7 44. b3 Re6 45. Kf2 Rxe3 46. Kxe3
Ke6 47. Kd3 Kd5 48. g3 Nb8 49. Bd8 Nc6 50. Bc7 Na7 51. d7 Nc6 52. d8=Q+ Nxd8
53. Bxd8 1-0

[Event "Guernsey Holiday"]
[Site "Guernsey GCI"]
[Date "2006.10.19"]
[Round "5"]
[White "Herschmann, Heinz"]
[Black "Moriarty, Tom"]
[Result "1-0"]
[WhiteElo "1280"]
[BlackElo "1565"]
[PlyCount "85"]
[EventDate "2006.10.15"]
[SourceDate "2006.11.12"]

1. d4 d5 2. c4 e6 3. e3 Nf6 4. Nf3 Be7 5. Be2 O-O 6. O-O b6 7. a3 Bb7 8. Nc3
Nbd7 9. cxd5 exd5 10. h3 a6 11. b3 Rc8 12. Bb2 Re8 13. Rc1 Ne4 14. Nxe4 dxe4
15. Ne1 Bf6 16. Nc2 c5 17. Na1 cxd4 18. Rxc8 Qxc8 19. Bxd4 Bxd4 20. Qxd4 b5 21.
Bg4 Rd8 22. Rd1 Bc6 23. Qd6 g6 24. Rc1 f5 25. Rxc6 Nf8 26. Rxc8 Rxd6 27. Be2
Rd2 28. Rc2 Rd6 29. b4 Nd7 30. Nb3 Ne5 31. Nd4 Kg7 32. f4 exf3 33. gxf3 Kh6 34.
f4 Nd7 35. Rc6 Rf6 36. Rxf6 Nxf6 37. Bf3 Nd7 38. Bb7 Nb6 39. Bxa6 Nc4 40. Kf2
Nxa3 41. Bxb5 Kg7 42. Bd3 Kf7 43. Nb5 1-0

[Event "Guernsey Holiday"]
[Site "Guernsey GCI"]
[Date "2006.10.20"]
[Round "6"]
[White "Egan, Colm"]
[Black "Gibson, John"]
[Result "1/2-1/2"]
[WhiteElo "1679"]
[BlackElo "1744"]
[PlyCount "115"]
[EventDate "2006.10.15"]
[SourceDate "2006.11.12"]

1. d4 d6 2. e4 g6 3. Nc3 Bg7 4. Be3 a6 5. Qd2 b5 6. Bd3 Bb7 7. Nf3 Nd7 8. a4 b4
9. Ne2 a5 10. c4 c5 11. d5 Ndf6 12. Ng3 h5 13. h3 h4 14. Ne2 Nd7 15. O-O Ba6
16. Rac1 Nb6 17. b3 Qd7 18. Ng5 Bc8 19. f4 Nxa4 20. bxa4 Qxa4 21. e5 Nh6 22. e6
f5 23. Rb1 Qa3 24. Qc2 a4 25. Bc1 b3 26. Bxa3 bxc2 27. Bxc2 O-O 28. Nf3 Ba6 29.
Nd2 Kh7 30. Rb6 Ng8 31. Rfb1 Kh6 32. Bb2 Nf6 33. Bc3 a3 34. Ra1 Bc8 35. Rb3 a2
36. Rb2 Ra3 37. Rb3 Ra7 38. Nc1 Ne4 39. Bxg7+ Kxg7 40. Bxe4 fxe4 41. Rxa2 Rxa2
42. Nxa2 Rxf4 43. Re3 Ba6 44. Nc3 Kf6 45. Rxe4 Rxe4 46. Ncxe4+ Ke5 47. Kf2 Bxc4
48. Nxc4+ Kxe4 49. Ne3 c4 50. Nxc4 Kxd5 51. Nd2 Kxe6 52. Ke3 Kf5 53. Nc4 d5 54.
Nd2 e5 55. Nf3 g5 56. Nh2 d4+ 57. Kd3 Kf4 58. Nf1 1/2-1/2

[Event "Guernsey Holiday"]
[Site "Guernsey GCI"]
[Date "2006.10.20"]
[Round "6"]
[White "Carlucci, Paul A"]
[Black "Haisma, Henk"]
[Result "1-0"]
[WhiteElo "1728"]
[BlackElo "1664"]
[PlyCount "93"]
[EventDate "2006.10.15"]
[SourceDate "2006.11.12"]

1. d4 Nf6 2. Nf3 e6 3. e3 d5 4. Be2 c5 5. O-O Nc6 6. b3 cxd4 7. exd4 Bd6 8. Bb2
O-O 9. Nbd2 a5 10. a3 b6 11. Rc1 Ba6 12. Ne5 Bxe5 13. dxe5 Nd7 14. Bxa6 Rxa6
15. Nf3 b5 16. Qd3 Rb6 17. Rfe1 b4 18. Qe3 Qe7 19. axb4 axb4 20. Bd4 Nxd4 21.
Nxd4 Rc8 22. f4 Rc3 23. Qf2 Nc5 24. Ne2 Qc7 25. Nxc3 bxc3 26. Ra1 g6 27. Ra2
Ne4 28. Qd4 Qc6 29. g4 Nd2 30. Kg2 Rb4 31. Ra6 Qb5 32. Qxc3 Ne4 33. Qc6 Qxc6
34. Rxc6 Rd4 35. Re2 h6 36. Kf3 Rb4 37. h4 g5 38. hxg5 hxg5 39. f5 exf5 40.
gxf5 g4+ 41. Kg2 Ng5 42. e6 fxe6 43. fxe6 Re4 44. Rxe4 Nxe4 45. Rc7 Kf8 46. Rd7
Nf6 47. Rf7+ 1-0

[Event "Guernsey Holiday"]
[Site "Guernsey GCI"]
[Date "2006.10.20"]
[Round "6"]
[White "Collier, Michael J"]
[Black "Brooker, Chris H"]
[Result "1/2-1/2"]
[WhiteElo "1536"]
[BlackElo "1700"]
[PlyCount "97"]
[EventDate "2006.10.15"]
[SourceDate "2006.11.12"]

1. d4 Nf6 2. c4 e6 3. Nc3 Bb4 4. Bd2 d5 5. e3 O-O 6. Nf3 c5 7. dxc5 Nbd7 8.
cxd5 exd5 9. Be2 Bxc5 10. O-O Nb6 11. Rc1 Bd6 12. Nb5 Bb8 13. Qc2 Bd7 14. Ba5
Bxb5 15. Bxb5 Qd6 16. a3 Rd8 17. Qc5 Ne4 18. Qxd6 Bxd6 19. Bxb6 axb6 20. Rc2
Rac8 21. Rfc1 Rc5 22. Nd4 Rdc8 23. f3 Nf6 24. Ba4 Be5 25. g4 h6 26. h4 Kf8 27.
b4 Rxc2 28. Rxc2 Rxc2 29. Bxc2 Bxd4 30. exd4 Ke7 31. Kf2 Ne8 32. Ke3 Nd6 33.
Bb3 Ke6 34. a4 b5 35. axb5 Nxb5 36. Bc2 Nd6 37. Kd3 b5 38. Kc3 f5 39. Kd2 g6
40. Bd3 Nc4+ 41. Ke2 Kf6 42. Kf2 f4 43. Ke2 g5 44. h5 Nd6 45. Bg6 Ke6 46. Kd3
Kd7 47. Kc3 Nc4 48. Bd3 Kc6 49. Be2 1/2-1/2

[Event "Guernsey Holiday"]
[Site "Guernsey GCI"]
[Date "2006.10.20"]
[Round "6"]
[White "Paardekam, Rene"]
[Black "Foster, Paul"]
[Result "1/2-1/2"]
[WhiteElo "1732"]
[BlackElo "1600"]
[PlyCount "118"]
[EventDate "2006.10.15"]
[SourceDate "2006.11.12"]

1. e4 c6 2. d4 d5 3. Nc3 dxe4 4. Nxe4 Nf6 5. Nxf6+ gxf6 6. Nf3 Bf5 7. c3 e6 8.
Bd3 Bg6 9. Qc2 Bd6 10. Be3 Qc7 11. g3 Nd7 12. O-O-O a5 13. Nh4 Bxd3 14. Qxd3 a4
15. Rhe1 b5 16. Bd2 O-O-O 17. c4 bxc4 18. Qxc4 Nb6 19. Qa6+ Qb7 20. Qxb7+ Kxb7
21. Ba5 Ka6 22. Bxb6 Kxb6 23. Rd3 Bb4 24. Red1 Rd5 25. Ng2 h5 26. Ne3 Rd7 27.
Kc2 Rhd8 28. a3 Bf8 29. Kc3 Kb5 30. Nc4 c5 31. dxc5 Rxd3+ 32. Rxd3 Rxd3+ 33.
Kxd3 Bxc5 34. f3 Be7 35. h3 Kc5 36. g4 h4 37. Ne3 Bd6 38. Nc4 Bf4 39. Kc3 Bc1
40. b4+ axb3 41. Kxb3 Bf4 42. a4 Bc7 43. Nd2 Kd4 44. Ne4 Bd8 45. a5 Bxa5 46.
Nxf6 Ke3 47. Ne4 e5 48. Kc4 Bd8 49. Kd5 Kf4 50. g5 Be7 51. Nf2 Ba3 52. Nd3+
Kxg5 53. Kxe5 Bf8 54. f4+ Kg6 55. f5+ Kg5 56. Ke4 f6 57. Ne1 Bd6 58. Nf3+ Kh5
59. Kd5 Ba3 1/2-1/2

[Event "Guernsey Holiday"]
[Site "Guernsey GCI"]
[Date "2006.10.20"]
[Round "6"]
[White "Onwezen, Eric"]
[Black "Finch, Russell"]
[Result "1/2-1/2"]
[WhiteElo "1630"]
[BlackElo "1725"]
[PlyCount "30"]
[EventDate "2006.10.15"]
[SourceDate "2006.11.12"]

1. e4 c5 2. Nc3 Nc6 3. g3 g6 4. Bg2 Bg7 5. d3 e6 6. Be3 d6 7. Nge2 Nge7 8. Qd2
Nd4 9. g4 Bd7 10. Ng3 Bc6 11. h4 h6 12. h5 Qa5 13. Nd1 Qxd2+ 14. Kxd2 O-O-O 15.
Nc3 Bd7 1/2-1/2

[Event "Guernsey Holiday"]
[Site "Guernsey GCI"]
[Date "2006.10.20"]
[Round "6"]
[White "Forbes, Garry"]
[Black "Heymuth, Manfred"]
[Result "0-1"]
[WhiteElo "1700"]
[BlackElo "1633"]
[PlyCount "109"]
[EventDate "2006.10.15"]
[SourceDate "2006.11.12"]

1. d4 c6 2. Nf3 d5 3. Bf4 Nf6 4. e3 Bf5 5. c4 dxc4 6. Bxc4 Qb6 7. Qb3 Qxb3 8.
Bxb3 h6 9. Nc3 Nbd7 10. O-O Rc8 11. Rfe1 Nh5 12. Bg3 Nxg3 13. hxg3 e6 14. e4
Bg4 15. Nh2 Bh5 16. g4 Bg6 17. d5 Nc5 18. dxe6 Nxe6 19. Rad1 Rd8 20. Rxd8+ Kxd8
21. a3 Kc7 22. Rd1 Be7 23. Nf3 Rd8 24. Rxd8 Nxd8 25. Ne5 Bh7 26. Nxf7 Nxf7 27.
Bxf7 Bf6 28. f3 Kd6 29. Kf1 Ke7 30. Ba2 Bg6 31. Ke2 Bf7 32. Bxf7 Kxf7 33. Kd3
Ke6 34. f4 b5 35. e5 Be7 36. Ke4 b4 37. axb4 Bxb4 38. f5+ Kf7 39. Na2 Bd2 40.
Kd4 Ke7 41. Kc5 Kd7 42. e6+ Kc7 43. Kd4 Bg5 44. b4 Kd6 45. Ke4 a6 46. Kd4 Bf6+
47. Ke4 c5 48. bxc5+ Kxc5 49. Kd3 g5 50. Kc2 Kc4 51. Nc3 Be7 52. Ne2 Bd6 53. g3
a5 54. Nf4 Kc5 55. Ng6 {0-1, 62.} 0-1

[Event "Guernsey Holiday"]
[Site "Guernsey GCI"]
[Date "2006.10.20"]
[Round "6"]
[White "Jongerius, Marc"]
[Black "Stanners, Michael J"]
[Result "1-0"]
[WhiteElo "1651"]
[BlackElo "1624"]
[PlyCount "87"]
[EventDate "2006.10.15"]
[SourceDate "2006.11.12"]

1. e4 d6 2. d4 Nf6 3. Nc3 c6 4. Nf3 Bg4 5. Be2 e6 6. O-O Be7 7. Be3 d5 8. Nd2
Bxe2 9. Qxe2 O-O 10. e5 Nfd7 11. f4 c5 12. dxc5 Nxc5 13. Nf3 Nc6 14. Rad1 Nd7
15. Nd4 Nxd4 16. Bxd4 Nb6 17. f5 Nd7 18. f6 gxf6 19. Qh5 fxe5 20. Rd3 f6 21.
Rg3+ Kh8 22. Rh3 Rf7 23. Qxf7 Nf8 24. Rff3 Qe8 25. Qxe8 Rxe8 26. Bxa7 Kg7 27.
Rhg3+ Kf7 28. Nb5 Rc8 29. Rc3 Rc6 30. Rxc6 bxc6 31. Na3 f5 32. Rc3 f4 33. Rxc6
Kf6 34. c3 h5 35. Kf2 Kf5 36. Nb5 h4 37. h3 e4 38. Nd4+ Kf6 39. Bc5 Bxc5 40.
Rxc5 e3+ 41. Kf3 Nd7 42. Rb5 Ke5 43. a4 Kd6 44. Kxf4 1-0

[Event "Guernsey Holiday"]
[Site "Guernsey GCI"]
[Date "2006.10.20"]
[Round "6"]
[White "Kershaw, Graham J"]
[Black "Naldrett, Geoffrey W"]
[Result "1-0"]
[WhiteElo "1640"]
[BlackElo "1568"]
[PlyCount "67"]
[EventDate "2006.10.15"]
[SourceDate "2006.11.12"]

1. e4 e5 2. Nf3 Nc6 3. Bb5 a6 4. Ba4 Nf6 5. O-O Nxe4 6. Re1 Nc5 7. Bxc6 dxc6 8.
Nxe5 Be7 9. d4 Ne6 10. c3 O-O 11. f4 g6 12. f5 Ng7 13. fxg6 hxg6 14. Qb3 Ne6
15. Bh6 Re8 16. Nd2 Bf8 17. Bxf8 Rxf8 18. Ndf3 Kg7 19. Rad1 Ng5 20. Rf1 Nxf3+
21. Rxf3 Be6 22. Qxb7 Bd5 23. Rf2 Qd6 24. c4 Rfb8 25. Qxa8 Rxa8 26. cxd5 f6 27.
Ng4 f5 28. Ne3 cxd5 29. Rxf5 c6 30. Rdf1 Re8 31. Rf7+ Kg8 32. Ng4 Qb4 33. Nf6+
Kxf7 34. Nxd5+ 1-0

[Event "Guernsey Holiday"]
[Site "Guernsey GCI"]
[Date "2006.10.20"]
[Round "6"]
[White "Guttridge, David"]
[Black "Bakkes, Frits"]
[Result "1/2-1/2"]
[WhiteElo "1608"]
[BlackElo "1639"]
[PlyCount "78"]
[EventDate "2006.10.15"]
[SourceDate "2006.11.12"]

1. e4 c5 2. Nc3 Nc6 3. g3 e5 4. Bg2 Nf6 5. d3 d6 6. Nge2 Bg4 7. h3 Be6 8. O-O
Qd7 9. Kh2 O-O-O 10. f4 exf4 11. Nxf4 Be7 12. Be3 h5 13. Nxe6 fxe6 14. d4 cxd4
15. Bxd4 Kb8 16. a3 Qc7 17. b4 h4 18. Nb5 hxg3+ 19. Kxg3 Qc8 20. a4 e5 21. Be3
Nxe4+ 22. Bxe4 Qxh3+ 23. Kf2 Bh4+ 24. Ke2 Qh2+ 25. Kd3 d5 26. Bf5 e4+ 27. Kc3
d4+ 28. Nxd4 Qg3 29. Nxc6+ bxc6 30. Qe1 Qe5+ 31. Kb3 Bxe1 32. Bf4 Bc3 33. Bxe5+
Bxe5 34. Rae1 g5 35. Rxe4 Bf4 36. Re7 Rhe8 37. Rfe1 Rxe7 38. Rxe7 Rd4 39. c3
Rd8 1/2-1/2

[Event "Guernsey Holiday"]
[Site "Guernsey GCI"]
[Date "2006.10.20"]
[Round "6"]
[White "Ruigrok, Jacques"]
[Black "Harnden, Terry"]
[Result "1/2-1/2"]
[WhiteElo "1758"]
[BlackElo "1515"]
[PlyCount "42"]
[EventDate "2006.10.15"]
[SourceDate "2006.11.12"]

1. e4 c5 2. d4 cxd4 3. c3 d3 4. Bxd3 d6 5. h3 Nc6 6. Nf3 Nf6 7. O-O g6 8. Qe2
Bg7 9. Rd1 Bd7 10. Bf4 O-O 11. Na3 a6 12. Nc2 Rc8 13. Ne3 Qc7 14. Bg5 e6 15.
Bf4 Ne8 16. Rac1 b5 17. Qd2 Qb7 18. Bb1 e5 19. Bg5 Be6 20. Nd5 f6 21. Be3 Rd8
1/2-1/2

[Event "Guernsey Holiday"]
[Site "Guernsey GCI"]
[Date "2006.10.20"]
[Round "6"]
[White "Nalichowski, Bogdan"]
[Black "Kok, Franciscus"]
[Result "0-1"]
[WhiteElo "1505"]
[BlackElo "1685"]
[PlyCount "124"]
[EventDate "2006.10.15"]
[SourceDate "2006.11.12"]

1. e4 c5 2. Nf3 Nc6 3. Nc3 Nf6 4. e5 Ng8 5. Bc4 e6 6. O-O Nge7 7. Nb5 Nf5 8. d3
a6 9. Nc3 d5 10. exd6 Bxd6 11. Re1 h6 12. a3 O-O 13. b3 b5 14. Bxb5 axb5 15.
Nxb5 Ba6 16. Nc3 Qc7 17. g3 Ncd4 18. Bb2 Nxf3+ 19. Qxf3 Nd4 20. Qd1 Bb7 21. Kf1
Nf3 22. Re3 Nxh2+ 23. Ke1 Qc6 24. Kd2 Nf3+ 25. Kc1 Nd4 26. Re4 f5 27. Rh4 Be7
28. Rh2 Bf6 29. Qh5 Qe8 30. Qd1 Bf3 31. Qe1 Qd7 32. Kb1 Rfb8 33. Qe3 Kh7 34.
Na4 Rxa4 35. Ra2 Qb7 36. Bxd4 Rxd4 37. Qxe6 Rd5 38. Rb2 Re5 39. Qc4 Re1+ 40.
Ka2 Bxb2 41. Kxb2 Bd5 42. Qxc5 Bxb3 43. Qxf5+ Kg8 44. Qa5 Bf7+ 45. Kc3 Qb2+ 46.
Kd2 Re5 47. Qc7 Ree8 48. Qc6 Rec8 49. Qa4 Bb3 50. Qd7 Qxc2+ 51. Ke3 Re8+ 52.
Kf3 Qe2+ 53. Kg2 Be6 54. Qd4 Rbd8 55. Qa4 Qxd3 56. Rh4 Bd5+ 57. Kh3 Qf3 58. Rf4
Qh1+ 59. Kg4 Be6+ 60. Rf5 Rf8 61. Kf4 Rxf5+ 62. Ke3 Qf3# 0-1

[Event "Guernsey Holiday"]
[Site "Guernsey GCI"]
[Date "2006.10.20"]
[Round "6"]
[White "Van Rooijen, Gerardus C"]
[Black "Dokter, Marike"]
[Result "1/2-1/2"]
[WhiteElo "1589"]
[BlackElo "1601"]
[PlyCount "39"]
[EventDate "2006.10.15"]
[SourceDate "2006.11.12"]

1. d4 f5 2. c4 Nf6 3. Nc3 g6 4. Bg5 Bg7 5. e3 d6 6. Rc1 O-O 7. Bd3 e5 8. dxe5
dxe5 9. b3 c6 10. Nge2 Qe8 11. Bxf6 Bxf6 12. O-O Nd7 13. f3 Nc5 14. Bb1 Bd7 15.
b4 Ne6 16. a3 Rd8 17. Qc2 f4 18. e4 Qe7 19. c5 Bc8 20. Rfd1 1/2-1/2

[Event "Guernsey Holiday"]
[Site "Guernsey GCI"]
[Date "2006.10.20"]
[Round "6"]
[White "Palmer, Eric"]
[Black "Ince, Darren"]
[Result "1/2-1/2"]
[WhiteElo "1575"]
[BlackElo "1528"]
[PlyCount "61"]
[EventDate "2006.10.15"]
[SourceDate "2006.11.12"]

1. e4 e6 2. d4 d5 3. exd5 exd5 4. Bd3 Nf6 5. Bg5 Be7 6. Nf3 h6 7. Bxf6 Bxf6 8.
c3 O-O 9. O-O c6 10. Nbd2 Be6 11. Re1 Nd7 12. Nf1 Re8 13. Ne3 Nf8 14. Qc2 Qd7
15. Rad1 Rad8 16. b3 Qc7 17. g3 Nd7 18. Bf1 Be7 19. Bg2 Bd6 20. Re2 Nf6 21. c4
Qc8 22. cxd5 Nxd5 23. Nxd5 Bxd5 24. Ne5 Bxg2 25. Kxg2 Bxe5 26. Rxe5 Rxe5 27.
dxe5 Rd7 28. Rxd7 Qxd7 29. f4 Qd5+ 30. Kh3 Qe6+ 31. Kg2 1/2-1/2

[Event "Guernsey Holiday"]
[Site "Guernsey GCI"]
[Date "2006.10.20"]
[Round "6"]
[White "Collins, Alan"]
[Black "Nalichowski, Sebastian"]
[Result "1-0"]
[WhiteElo "1496"]
[BlackElo "1740"]
[PlyCount "74"]
[EventDate "2006.10.15"]
[SourceDate "2006.11.12"]

1. d4 d5 2. c4 c6 3. cxd5 cxd5 4. Nc3 Nc6 5. Bf4 Nf6 6. e3 g6 7. Bd3 Nh5 8. Bg3
Bg7 9. Nge2 Nxg3 10. hxg3 O-O 11. Qb3 e6 12. O-O-O a6 13. f4 b5 14. Kd2 Na5 15.
Qc2 Nc4+ 16. Bxc4 dxc4 17. Ke1 Bb7 18. Kf2 f5 19. Ng1 g5 20. Nf3 b4 21. Na4 g4
22. Nh4 Qd5 23. Nb6 Qe4 24. Qxe4 Bxe4 25. Nxa8 Rxa8 26. Ke1 Rc8 27. Kd2 Bf8 28.
Kc1 a5 29. Rhf1 c3 30. Rf2 c2 31. Rdd2 a4 32. Rxc2 Rxc2+ 33. Rxc2 Bxc2 34. Kxc2
Bd6 35. Kd3 Kf7 36. Kc4 Ke7 37. b3 a3 {1-0, Time.} 1-0

[Event "Guernsey Holiday"]
[Site "Guernsey GCI"]
[Date "2006.10.20"]
[Round "6"]
[White "Brown, Jim"]
[Black "Kearsley, Ray J"]
[Result "0-1"]
[WhiteElo "1128"]
[BlackElo "1640"]
[PlyCount "78"]
[EventDate "2006.10.15"]
[SourceDate "2006.11.12"]

1. d4 Nf6 2. Nf3 g6 3. e3 Bg7 4. Bd3 O-O 5. O-O d6 6. b3 c5 7. c3 cxd4 8. cxd4
Nc6 9. a3 e5 10. Nbd2 Re8 11. e4 exd4 12. Bb2 Bg4 13. h3 Bxf3 14. Qxf3 Nd7 15.
Bb1 Nde5 16. Qd1 Rc8 17. Kh1 Qb6 18. b4 Qa6 19. Ba2 b5 20. f4 Nd3 21. Qb3 Nxb2
22. Qxb2 Re7 23. Qb3 Rec7 24. Qd3 Ne7 25. a4 Rc3 26. Qe2 d3 27. Qd1 Rc2 28. Bb3
Qb6 29. a5 Qe3 30. Rb1 Rxd2 31. Qg4 Rf2 32. Rg1 d2 33. Bd1 Rc1 34. Rb3 Qxe4 35.
Qg3 Qxf4 36. Qd3 Nf5 37. Qxb5 Ng3+ 38. Rxg3 Qxg3 39. Qc4 Rxc4 0-1

[Event "Guernsey Holiday"]
[Site "Guernsey GCI"]
[Date "2006.10.20"]
[Round "6"]
[White "Ruhle, Ernst A"]
[Black "Brent, Derek"]
[Result "0-1"]
[WhiteElo "1608"]
[BlackElo "1336"]
[PlyCount "90"]
[EventDate "2006.10.15"]
[SourceDate "2006.11.12"]

1. b4 g6 2. Bb2 Nf6 3. c4 Bg7 4. e3 d6 5. d4 O-O 6. Nf3 c5 7. bxc5 dxc5 8. Be2
Nbd7 9. O-O b6 10. h3 Bb7 11. Nc3 a6 12. Nh2 cxd4 13. exd4 Qc7 14. Qb3 Nh5 15.
Bxh5 gxh5 16. Ne2 Rac8 17. Rac1 Bh6 18. Rc2 Qc6 19. Qg3+ Qg6 20. Bc1 Bg7 21.
Qxg6 hxg6 22. Be3 Rfd8 23. Re1 Nf6 24. d5 Nd7 25. Nf3 Nc5 26. Bxc5 Rxc5 27. Nd2
Rdc8 28. Nb3 R5c7 29. Nf4 Bh6 30. g3 Bxf4 31. gxf4 Bxd5 32. Nd2 Be6 33. a4 Rc5
34. Rb2 R8c6 35. Reb1 Bf5 36. Rc1 Bxh3 37. Kh2 Be6 38. Kg3 Kg7 39. Kf3 Bxc4 40.
Nxc4 Rxc4 41. Rxc4 Rxc4 42. Rxb6 Rxa4 43. Ke3 e6 44. f3 Kf6 45. Rc6 a5 0-1

[Event "Guernsey Holiday"]
[Site "Guernsey GCI"]
[Date "2006.10.20"]
[Round "6"]
[White "O'Connor, Jonathan"]
[Black "Newrick, William R"]
[Result "1-0"]
[WhiteElo "1605"]
[BlackElo "1400"]
[PlyCount "77"]
[EventDate "2006.10.15"]
[SourceDate "2006.11.12"]

1. e4 d5 2. exd5 Nf6 3. c4 e6 4. dxe6 Bxe6 5. d4 Bb4+ 6. Bd2 Bxd2+ 7. Qxd2 O-O
8. Be2 Re8 9. b3 Ne4 10. Qd3 Bf5 11. Qe3 Nc5 12. Qc3 Nd3+ 13. Kf1 Nf4 14. Nd2
Qe7 15. Qf3 Qg5 16. Qg3 Qxg3 17. hxg3 Nxe2 18. Nxe2 Bd3 19. Re1 Nc6 20. Nf3 Nb4
21. Ne5 Bxe2+ 22. Rxe2 f6 23. Ng4 Rxe2 24. Kxe2 Re8+ 25. Ne3 a6 26. Kd2 c6 27.
a3 c5 28. axb4 cxd4 29. Nd5 h6 30. Re1 Re5 31. f4 Rh5 32. Kd3 Rh2 33. Re2 Rh1
34. Kxd4 Rb1 35. Kc3 Rc1+ 36. Rc2 Re1 37. c5 f5 38. Rd2 Rf1 39. Ne7+ 1-0

[Event "Guernsey Holiday"]
[Site "Guernsey GCI"]
[Date "2006.10.20"]
[Round "6"]
[White "Cox, Reginald E"]
[Black "Herschmann, Heinz"]
[Result "0-1"]
[WhiteElo "1088"]
[BlackElo "1280"]
[PlyCount "122"]
[EventDate "2006.10.15"]
[SourceDate "2006.11.12"]

1. e4 e5 2. d3 Nc6 3. Nf3 d6 4. Be2 Be7 5. Nc3 Nf6 6. O-O O-O 7. Re1 Re8 8. h3
h6 9. Bd2 a6 10. Qc1 Kh7 11. a3 Be6 12. b4 Na7 13. d4 exd4 14. Nxd4 Kh8 15.
Nxe6 fxe6 16. Bc4 Bf8 17. Be3 Nc6 18. Be2 Ne5 19. Rd1 Qe7 20. Bf4 Ng6 21. Bg3
Red8 22. Bf3 e5 23. Ne2 Qf7 24. c4 c5 25. h4 Ne7 26. Bh2 Nc6 27. Qc3 Qe6 28.
Rd3 Rd7 29. Rad1 Nd4 30. Nxd4 cxd4 31. Qc2 Rc8 32. c5 dxc5 33. bxc5 Rxc5 34.
Qb2 Rdc7 35. Rb3 b5 36. Rbd3 Rc2 37. Qb3 Qxb3 38. Rxb3 Bd6 39. g4 R2c3 40. Rxc3
Rxc3 41. Kg2 Rxa3 42. g5 hxg5 43. hxg5 Ng8 44. Rc1 Rc3 45. Ra1 Rc6 46. Bg4 Ne7
47. Bd7 Rb6 48. f3 g6 49. Bg3 b4 50. Be6 b3 51. Rb1 b2 52. Ba2 a5 53. Rh1+ Kg7
54. Rb1 a4 55. Be1 d3 56. Ba5 Rc6 57. Bd2 Rc2 58. Kg3 Rxd2 59. Rh1 Rc2 60. Bb3
Rc1 61. Kg2 Rxh1 0-1

[Event "Guernsey Holiday"]
[Site "Guernsey GCI"]
[Date "2006.10.21"]
[Round "7"]
[White "Gibson, John"]
[Black "Carlucci, Paul A"]
[Result "0-1"]
[WhiteElo "1744"]
[BlackElo "1728"]
[PlyCount "104"]
[EventDate "2006.10.15"]
[SourceDate "2006.11.12"]

1. d4 Nf6 2. Nf3 e6 3. Nc3 d5 4. Bf4 Bd6 5. Ne5 Nh5 6. Bd2 Nf6 7. f4 c5 8. e3
Nc6 9. Bb5 Bd7 10. Bxc6 Bxc6 11. O-O Rc8 12. Qf3 O-O 13. Be1 cxd4 14. exd4 Bxe5
15. fxe5 Ne4 16. Rd1 f5 17. Qh5 Qb6 18. Rf3 Be8 19. Qh4 Qxb2 20. Nxe4 dxe4 21.
Rb3 Qxc2 22. Rd2 Qc7 23. Rdb2 b6 24. Rh3 Bg6 25. Rc3 Qd7 26. Qf2 Rxc3 27. Bxc3
Rc8 28. Bd2 Rc4 29. Be3 Qc8 30. Qd2 Be8 31. Kf2 Ba4 32. d5 exd5 33. Qxd5+ Kh8
34. Rd2 Rc2 35. Kg3 Rxd2 36. Bxd2 Bd7 37. Kf4 Be6 38. Qd6 h6 39. h4 Qc4 40. Be3
Qf1+ 41. Kg3 Qe1+ 42. Bf2 f4+ 43. Kh2 Qxf2 44. Qxe6 Qxh4+ 45. Kg1 Qh5 46. Qc8+
Kh7 47. e6 Qg4 48. Qc4 f3 49. g3 Qxg3+ 50. Kf1 Qe5 51. Kf2 Kg6 52. Qc8 Qc5+ 0-1

[Event "Guernsey Holiday"]
[Site "Guernsey GCI"]
[Date "2006.10.21"]
[Round "7"]
[White "Collier, Michael J"]
[Black "Egan, Colm"]
[Result "0-1"]
[WhiteElo "1536"]
[BlackElo "1679"]
[PlyCount "54"]
[EventDate "2006.10.15"]
[SourceDate "2006.11.12"]

1. d4 f5 2. c4 e6 3. Nc3 Nf6 4. Nf3 Be7 5. e3 d6 6. Be2 O-O 7. O-O Qe8 8. Qc2
Nc6 9. a3 e5 10. dxe5 dxe5 11. e4 f4 12. Nd5 Bd8 13. Nxf6+ Bxf6 14. Bd2 g5 15.
Bc3 g4 16. Ne1 Qg6 17. Kh1 Be6 18. b3 Rae8 19. Bd3 Bg7 20. Qb2 Qh5 21. Rd1 Rf6
22. f3 g3 23. h3 Rh6 24. Kg1 Qf7 25. Nc2 Bxh3 26. Rd2 Be6 27. Rfd1 Qh5 0-1

[Event "Guernsey Holiday"]
[Site "Guernsey GCI"]
[Date "2006.10.21"]
[Round "7"]
[White "Heymuth, Manfred"]
[Black "Paardekam, Rene"]
[Result "0-1"]
[WhiteElo "1633"]
[BlackElo "1732"]
[PlyCount "76"]
[EventDate "2006.10.15"]
[SourceDate "2006.11.12"]

1. Nf3 e6 2. g3 Nf6 3. b3 d5 4. c4 b6 5. cxd5 Nxd5 6. Bb2 Bb7 7. Bg2 Nf6 8. O-O
Be7 9. d3 O-O 10. Ba3 Nbd7 11. Bxe7 Qxe7 12. Nbd2 Rfd8 13. Rc1 Rac8 14. Rc2 Nf8
15. Qa1 c5 16. Rfc1 Ng6 17. Ne5 Nxe5 18. Qxe5 Bxg2 19. Kxg2 Qb7+ 20. Nf3 Rd5
21. Qe3 Rh5 22. Rc4 Rd8 23. Kg1 h6 24. g4 Rhd5 25. g5 hxg5 26. Nxg5 Rd4 27. Nf3
R4d5 28. Rh4 Rh5 29. Rcc4 Rdd5 30. Rxh5 Rxh5 31. Qf4 Rd5 32. Qg3 Nh5 33. Qh4
Nf6 34. Rf4 Rh5 35. Qg3 Rh6 36. Kh1 Nh5 37. Qg4 Nxf4 38. Qxf4 Rg6 0-1

[Event "Guernsey Holiday"]
[Site "Guernsey GCI"]
[Date "2006.10.21"]
[Round "7"]
[White "Brooker, Chris H"]
[Black "Onwezen, Eric"]
[Result "1/2-1/2"]
[WhiteElo "1700"]
[BlackElo "1630"]
[PlyCount "46"]
[EventDate "2006.10.15"]
[SourceDate "2006.11.12"]

1. Nf3 e6 2. b3 d5 3. Bb2 Nf6 4. e3 c5 5. Ne5 Nc6 6. Nxc6 bxc6 7. d3 Bd6 8. f4
Qe7 9. Be5 Bxe5 10. fxe5 Nd7 11. d4 Qh4+ 12. Ke2 cxd4 13. Qxd4 Ba6+ 14. c4 Qh5+
15. Kf2 Qxe5 16. Qxe5 Nxe5 17. cxd5 Bxf1 18. Rxf1 cxd5 19. Na3 O-O 20. Ke2 Rfc8
21. Rac1 a6 22. h3 Kf8 23. Kd2 Ke7 1/2-1/2